Special report: leisure (Record no. 117802)
[ view plain ]
| 000 -LEADER | |
|---|---|
| fixed length control field | 01075cam a2200253 4500 |
| 001 - CONTROL NUMBER | |
| control field | ABS68011 |
| 008 - FIXED-LENGTH DATA ELEMENTS--GENERAL INFORMATION | |
| fixed length control field | 040730n2004 000 0 eng u |
| 035 ## - SYSTEM CONTROL NUMBER | |
| System control number | (Sirsi) u126987 |
| 100 ## - MAIN ENTRY--PERSONAL NAME | |
| Personal name | McConnell, T. |
| 245 ## - TITLE STATEMENT | |
| Title | Special report: leisure |
| 260 ## - PUBLICATION, DISTRIBUTION, ETC. | |
| Date of publication, distribution, etc. | 2004 |
| 490 ## - SERIES STATEMENT | |
| Series statement | Property Week |
| Volume/sequential designation | 69(27) 2 July 2004, 53-64(6) |
| 520 ## - SUMMARY, ETC. | |
| Summary, etc. | "House party" reports that big casino operators are looking to move into the bingo market, to the displeasure of the bingo operators. "Chairman of the boards" reports on the company Extreme Group's aim to bring surfing and skateboarding within everyone's reach through a chain of indoor leisure attractions to be built across the UK. "Moving up the food chain" discusses how two London-based companies are planning to take good food to the masses by going public. |
| 590 ## - LOCAL NOTE (RLIN) | |
| Local note | ABS |
| 590 ## - LOCAL NOTE (RLIN) | |
| Local note | ABS |
| 650 ## - SUBJECT ADDED ENTRY--TOPICAL TERM | |
| Topical term or geographic name entry element | LEISURE MARKET |
| 650 ## - SUBJECT ADDED ENTRY--TOPICAL TERM | |
| Topical term or geographic name entry element | BINGO OPERATORS |
| 650 ## - SUBJECT ADDED ENTRY--TOPICAL TERM | |
| Topical term or geographic name entry element | GAMBLING |
| 650 ## - SUBJECT ADDED ENTRY--TOPICAL TERM | |
| Topical term or geographic name entry element | CASINO REGULATION |
| 650 ## - SUBJECT ADDED ENTRY--TOPICAL TERM | |
| Topical term or geographic name entry element | RESTAURANTS |
| 650 ## - SUBJECT ADDED ENTRY--TOPICAL TERM | |
| Topical term or geographic name entry element | ENTERTAINMENT |
| 690 ## - LOCAL SUBJECT ADDED ENTRY--TOPICAL TERM (OCLC, RLIN) | |
| Topical term or geographic name as entry element | COMMERCIAL PROPERTY-MARKET |
| 942 ## - ADDED ENTRY ELEMENTS (KOHA) | |
| Suppress in OPAC | 0 |
| Withdrawn status | Lost status | Source of classification or shelving scheme | Damaged status | Not for loan | Home library | Current library | Shelving location | Date acquired | Total Checkouts | Full call number | Barcode | Date last seen | Copy number | Price effective from | Koha item type |
|---|---|---|---|---|---|---|---|---|---|---|---|---|---|---|---|
| Dewey Decimal Classification | London | London | Journal article | 30/07/2004 | ABS68011 | 126987-1001 | 06/08/2019 | 1 | 06/08/2019 | Journal article |